[Event "Box Hill Autumn Cup"]
[Site "Box Hill"]
[Date "2000.03.31"]
[Round "9.24"]
[White "Basnayake, Thilini"]
[Black "Larsson, Greg"]
[Result "1-0"]
[WhiteElo "1301"]
[BlackElo "1176"]
[PlyCount "75"]
[EventDate "2000.??.??"]
[EventType "swiss"]
[EventRounds "9"]
[EventCountry "AUS"]
[SourceTitle "EXT 2003"]
[Source "ChessBase"]
[SourceDate "2002.11.25"]
[SourceVersion "1"]
[SourceVersionDate "2002.11.25"]
[SourceQuality "1"]

1. e4 c5 2. Nf3 d6 3. d4 cxd4 4. Nxd4 g6 5. Nf3 Bg7 6. Be2 Nf6 7. e5 Ne4 8. exd6 Nxd6 9. 0-0 0-0 10. c3 Nd7 11. Be3 Nf6 12. Qb3 Be6 13. Qc2 Qc7 14. Rd1 Rfd8 15. Bf4 Nd5 16. Bg3 Qc8 17. Na3 Nf5 18. Rd2 Nxg3 19. hxg3 Bg4 20. Rad1 Bf5 21. Qb3 e6 22. c4 Be4 23. cxd5 Bxd5 24. Bc4 Qc7 25. Bxd5 exd5 26. Rc2 Qa5 27. Rcd2 Re8 28. Rxd5 Qb6 29. Qxb6 axb6 30. Rb5 Re2 31. Nc4 Rxa2 32. Rd8+ Bf8 33. Rxb6 Kg7 34. Rxb7 Bc5 35. Nce5 Bxf2+ 36. Kh2 Ra5 37. Rxf7+ Kh6 38. Rh8 1-0